000 00411nam a2200181Ia 4500
001 9581
005 20260306161729.0
008 260306t2018||||xx |||||||||||||| ||spa||
041 _aESP
082 _a382.1
_bP41
100 _aPeng, Mike W.
_eAUT
245 0 _aNegocios globales
260 _c2018
300 _axvii, 613 páginas :
_c27 cm.
650 _aGEN
654 _aCAN
942 _cLIB
_dJUS
_fJUS
_2ddc
_n
999 _c9581
_d9581